Podobieństwa Pokemonów do prawdziwego życia - Statystyki

Ogólne statystyki
  • Ten quiz został rozwiązany 1 336 razy
  • Średni wynik to 12 z 22
Statystyki odpowiedzi
Pokemon Podobieństwo % Poprawnych
Rapidash Koń
93%
Squirtle Żółw
93%
Persian Kot
90%
Ekans Wąż
82%
Tauros Byk
78%
Mareep Owca
74%
Horsea Konik Morski
71%
Vulpix Lis
68%
Hoothoot Sowa
61%
Ursaring Niedźwiedź
59%
Kingler Krab
56%
Sudowoodo Drzewo
54%
Sharpedo Rekin
51%
Wailord Wieloryb
46%
Lunatone Księżyc
40%
Pelipper Pelikan
36%
Combusken Kurczak
31%
Mantine Manta
28%
Stantler Renifer
27%
Vanillish Wafelek do lodów
27%
Dewgong Lew Morski
24%
Linoone Borsuk
16%
Nie znaleziono quizów pasujących do podanych kryteriów
Rozkład punktacji
Procent ludzi z każdym wynikiem
Percentyl według liczby udzielonych odpowiedzi
Twoja historia wyników
Nie rozwiązałeś tego quizu